000 00586nam a22002057a 4500
999 _c5654
_d5654
003 AR-CdUCM
008 190313b ||||| |||| 00| 0 spa d
040 _aMUNICIPALIDAD PROVINCIAL DEL CUSCO
_cBIBLIOTECA MUNICIPAL DEL CUSCO
082 _a828.92 /
_bH99
100 _aHuxley, Aldous
_91405
245 _aLiteratura y ciencia /
260 _aBuenos Aires :
_bSudamericana,
_c1964.
300 _a138 páginas ;
_c20 cm.
440 _aColección ensayos
_914886
505 _aNovela.
650 _aNovela.
_95
700 _aMasera, Ruben
_916881
942 _2ddc
_cLIBROS
945 _awfj